Britannica : το βιβλίο της χρονιάς 2004.

Αποθηκεύτηκε σε:
Λεπτομέρειες βιβλιογραφικής εγγραφής
Άλλοι συγγραφείς: Πουρνάρα, Ειρήνη Ι. (edtf)
Μορφή: Βιβλίο
Γλώσσα:Greek
Δημοσίευση: [Αθήνα] : Πάπυρος, c2004.
Θέματα:
Ετικέτες: Προσθήκη ετικέτας
Δεν υπάρχουν, Καταχωρήστε ετικέτα πρώτοι!

MARC

LEADER 00000cam a2200000 i 4500
001 1/1622
008 090921s2004 gr | ||| |||| ||gre||
020 |a 9608322073   |q (σκληρό εξώφυλλο) 
035 |l 10105667 
040 |a GR-MyUa  |b gre  |e AACR2 
041 0 |a gre 
082 7 |a 039.89   |2 (22) 
245 0 0 |a Britannica :   |b το βιβλίο της χρονιάς 2004. 
260 |a [Αθήνα] :   |b Πάπυρος,   |c c2004. 
300 |a 848 σ. :   |b έγχρ. εικ. ;   |c 28 εκ. 
500 |a Επικεφαλίδα τίτλου: Ετήσιο συμπλήρωμα εγκυκλοπαίδειας. 
504 |a Βιβλιογραφία: σ. 829-832. Ευρετήριο. 
650 0 0 |a Encyclopedias and dictionaries. 
700 1 |a Πουρνάρα, Ειρήνη Ι.  |e edtf 
852 |a INST  |b LEMNOS  |e 20090921  |h 039.89 BRI  |p 005600000132  |q 005600000132  |t REF  |y 23 
901 |a BIBL6-2009-3 
922 |a 6ΕΛΗ  |b 200712  |c ΕΠΕΑΕΚ2/ΚΥΒ  |d ΠΑΤΑΚΗΣ 
970 |a ΠΑΝΤΑΖΗ  |b ΑΝΤΩΝΙΑ  |z 2009/09/21